| 000 | 00504nab a2200145Ia 4500 | ||
|---|---|---|---|
| 003 | ES-SlBCS | ||
| 005 | 20210601124753.0 | ||
| 008 | 140529s2003 xxu||||| |||| 00| 0 eng d | ||
| 041 | _aeng | ||
| 100 | 1 |
_aSchmitz, Mark F. _9148880 |
|
| 245 | 0 | 0 |
_aInfluences of Race and Family Environment on Child Hyperactivity and Antisocial Behavior _c Mark F. Schmitz |
| 650 | 0 | 4 |
_aConducta Infantil _9148871 |
| 773 | 0 |
_tJournal of Marriage and the Family _gvol. 65, nº. 4, 2003, págs. 835-849 _wRev1406 |
|
| 942 | _cAR | ||
| 999 |
_c519383 _d519383 |
||